000 00827nam a2200253Ia 4500
003 OSt
005 20220923224908.0
006 a|||||r|||| 00| 0
007 ta
008 220922b |||||||| |||| 00| 0 hin d
024 _a253,317
037 _cTextual
040 _aARTS
_cARTS
_bhin
041 _2hin
_ahin
082 _aO152,3N246x, L3
100 _aरामकुमार
_9156277
245 0 _aझींगुरों का स्वर
246 _aZīanguroan kā svara
260 _aनयी दिल्ली
_b सिंधु पब्लिकेशन्स लिमिटेड
_c1973
300 _a140पृ.
_ccm.
650 _aहिन्दी साहित्य
_9156264
942 _hO152,3N246x, L3
_cTEXL
_2CC
999 _c374474
_d374474